| 000 | 00785nam a22002417a 4500 | ||
|---|---|---|---|
| 005 | 20140827104539.0 | ||
| 010 | _aENG-108671 | ||
| 020 |
_a9789325969247 _c450.00 |
||
| 035 | _aEN-92204 | ||
| 035 | _aB-537796-824 | ||
| 037 | _bDBAD/PUB | ||
| 037 |
_bMallika Books/Ven _adpl |
||
| 082 | _a658.1511 | ||
| 100 | _aSahaf, M.A. | ||
| 245 | 1 | 0 |
_aManagement accounting : _cby M.A. Sahaf _bprinciples and practice / |
| 250 | _a3rd ed | ||
| 260 |
_aNoida _bVikas Publishing House _c2013 |
||
| 270 |
_aE-28, Sector-8 _bNoida _e201301 |
||
| 300 |
_axxi,806p. _c24cm(pbk) |
||
| 500 | _aIncludes index | ||
| 942 |
_2ddc _cEN _mSAH _h658.1511 |
||
| 999 |
_c80833 _d80833 |
||